Nhà quản lý ứng dụng phong thủy và số mệnh
Nghiên cứu về thuật phong thuỷ, nghệ thuật kinh doanh dựa vào số mệnh. Áp dụng phong thuỷ vào các lĩnh vực thiết kế nội thất, quản lí, dự báo các sự kiện, phân tích cơ hội đầu tư
Đã lưu trong:
| 主要作者: | |
|---|---|
| 格式: | 图书 |
| 语言: | Undetermined |
| 出版: |
Hà Nội
Tri Thức
2008
|
| 主题: | |
| 标签: |
添加标签
没有标签, 成为第一个标记此记录!
|
| Thư viện lưu trữ: | Trung tâm Học liệu Trường Đại học Cần Thơ |
|---|
| LEADER | 00974nam a2200205Ia 4500 | ||
|---|---|---|---|
| 001 | CTU_147619 | ||
| 008 | 210402s9999 xx 000 0 und d | ||
| 020 | |c 47000 | ||
| 082 | |a 658 | ||
| 082 | |b L795 | ||
| 100 | |a Lo, Raymond | ||
| 245 | 0 | |a Nhà quản lý ứng dụng phong thủy và số mệnh | |
| 245 | 0 | |c Raymond Lo ; Phạm Gia Minh dịch | |
| 260 | |a Hà Nội | ||
| 260 | |b Tri Thức | ||
| 260 | |c 2008 | ||
| 520 | |a Nghiên cứu về thuật phong thuỷ, nghệ thuật kinh doanh dựa vào số mệnh. Áp dụng phong thuỷ vào các lĩnh vực thiết kế nội thất, quản lí, dự báo các sự kiện, phân tích cơ hội đầu tư | ||
| 650 | |a Success in business,Industrial management,Feng shui,Thành công trong kinh doanh,Quản trị xí nghiệp,Thuật phong thủy | ||
| 904 | |i Trọng Hải | ||
| 980 | |a Trung tâm Học liệu Trường Đại học Cần Thơ | ||